| Tag |
First Indicator |
Second Indicator |
Subfields |
| LEADER |
00000cam a2200000 i 4500 |
| 001 |
in00005658939 |
| 006 |
m o d |
| 007 |
cr ||| |
| 008 |
190122t20182016fluab ob 001 0 eng d |
| 005 |
20250812150147.1 |
| 035 |
|
|
|a (OCoLC)on1125074996
|
| 040 |
|
|
|a OTZ
|b eng
|e rda
|c OTZ
|d OCLCO
|d OCLCF
|d OCLCO
|d OCLCQ
|d SFB
|d OCLCQ
|d OCLCO
|d OCLCL
|d OCLCQ
|d OCLCL
|
| 020 |
|
|
|a 9781315381930
|q (e-book : PDF)
|
| 020 |
|
|
|a 1315381931
|
| 035 |
|
|
|a (OCoLC)1125074996
|
| 050 |
|
4 |
|a K5485
|
| 072 |
|
7 |
|a LAW
|x 026000
|2 bisacsh
|
| 072 |
|
7 |
|a LAW
|x 041000
|2 bisacsh
|
| 072 |
|
7 |
|a SCI
|x 029000
|2 bisacsh
|
| 072 |
|
7 |
|a PSAK
|2 bicscc
|
| 082 |
0 |
4 |
|a 363.25
|
| 049 |
|
|
|a TXAM
|
| 100 |
1 |
|
|a Taupin, Jane Moira,
|e author.
|
| 245 |
1 |
0 |
|a Using Forensic DNA Evidence at Trial :
|b A Case Study Approach /
|c by Jane Moira Taupin.
|
| 250 |
|
|
|a First edition.
|
| 264 |
|
1 |
|a Boca Raton, FL :
|b CRC Press,
|c [2018].
|
| 264 |
|
4 |
|c ©2016.
|
| 300 |
|
|
|a 1 online resource (216 pages) :
|b 15 illustrations, text file, PDF
|
| 336 |
|
|
|a text
|b txt
|2 rdacontent
|
| 337 |
|
|
|a computer
|b c
|2 rdamedia
|
| 338 |
|
|
|a online resource
|b cr
|2 rdacarrier
|
| 505 |
0 |
0 |
|t History of DNA Profiling Evidence in the Judicial SystemIntroductionIntroduction of the TechniqueDNA Court Challenges during Initial ImplementationEvidence Collection and Laboratory PracticesChanging TechnologySummaryReferencesContextIntroductionExhibits in ContextContext of TestingAssociation with a Body Fluid/MatterTime of DepositionScientific MethodReferencesTransferIntroductionPrinciples of DNA TransferMechanisms of DNA TransferHigher Levels of TransferTouchFingernail Swabs and CuttingsPackagingExaminationEnvironmental Monitoring and Crime Scene SamplingDNA DustInadvertent Transfer and ContaminationReferencesInterpretation of DNA ProfilesIntroductionSampling: The First StepExtractionQuantificationAmplificationSeparation and InterpretationStatistical EvaluationRelativesDNA DatabasesCold CasesReferencesStatisticsIntroductionStatistical Interpretation and WordingConcept of UniquenessStatistical ApproachesSingle Contributor ProfilesMixturesExpert Computer SystemsPopulation DatabasesReferencesLow Template, Low Level or Low Copy Number DNAIntroductionHistoryLow Template, Low Copy Number, Low LevelAmbiguity and Stochastic EffectsDropoutMixturesStatistical ApproachesPerformance TestsOpen-Source versus Closed-Source SoftwareControversyReferencesY-STR Profiling and Mitochondrial DNA TypingIntroductionY-STR ProfilingMitochondrial DNA TypingCombining StatisticsAdvancesReferencesFrontiersIntroductionFamilial DNA SearchingTwinsDomestic Animal HairForensic DNA PhenotypingMini-STRsMicrobial ForensicsBotanyReferencesQualityIntroductionContaminationContinuityTransparencyInterpretationError RateReliability and ValidityReferences.
|
| 520 |
3 |
|
|a Using Forensic DNA Evidence at Trial: A Case Study Approach covers the most common DNA analysis methods used in criminal trials today, including STR techniques, mitochondrial DNA, and Y-STRs. It presents some novel techniques-including familial testing and analyzing domestic animal hair-that have been recently introduced in unique cases, each of which is outlined in detail. It also illustrates special issues related to forensic DNA evidence by using court proceedings such as trials and appeals, commissions of inquiry, and government and laboratory reviews. With forensic DNA analysis becoming increasingly important at trial, the lively and sometimes bizarre cases presented in this book have been carefully chosen to highlight specific concepts, methods, and interpretations used in DNA analysis. Sections throughout examine the nature of expertise with a special focus on the role of subjectivity in the interpretation of forensic DNA evidence, emphasizing cognitive bias and extraneous context. Using both convictions and exonerations as examples, the book also discusses the strengths and limitations of DNA evidence and testing. The book is written in an accessible manner for the non-scientific reader, such that criminal lawyers, judges, and forensic experts will all understand the nature of analysis and application of DNA evidence in a variety of court cases. Extensive references-including notable trial proceedings, cross references of cases, and specific forensic statistics-round out the book and help to provide a complete understanding of forensic DNA analysis and its current usage in the courtroom.
|
| 650 |
|
0 |
|a DNA fingerprinting.
|
| 650 |
|
0 |
|a Evidence, Criminal.
|
| 650 |
|
0 |
|a Evidence, Expert.
|
| 650 |
|
0 |
|a Forensic sciences.
|
| 650 |
|
2 |
|a DNA Fingerprinting
|
| 650 |
|
2 |
|a Forensic Sciences
|
| 650 |
|
6 |
|a Empreintes génétiques.
|
| 650 |
|
6 |
|a Preuve (Droit pénal)
|
| 650 |
|
6 |
|a Expertises.
|
| 650 |
|
6 |
|a Criminalistique.
|
| 650 |
|
7 |
|a forensic science.
|2 aat
|
| 650 |
|
7 |
|a LAW / Forensic Science.
|2 bisacsh
|
| 650 |
|
7 |
|a SCIENCE / Life Sciences / Genetics & Genomics.
|2 bisacsh
|
| 650 |
|
7 |
|a Criminal trials.
|2 bisacsh
|
| 650 |
|
7 |
|a DNA evidence.
|2 bisacsh
|
| 650 |
|
7 |
|a Forensics.
|2 bisacsh
|
| 650 |
|
7 |
|a Forensic science.
|2 bisacsh
|
| 650 |
|
7 |
|a Innocence Project.
|2 bisacsh
|
| 650 |
|
7 |
|a Interpretation of DNA profiles.
|2 bisacsh
|
| 650 |
|
7 |
|a DNA fingerprinting
|2 fast
|
| 650 |
|
7 |
|a Evidence, Criminal
|2 fast
|
| 650 |
|
7 |
|a Evidence, Expert
|2 fast
|
| 650 |
|
7 |
|a Forensic sciences
|2 fast
|
| 655 |
|
7 |
|a Electronic books.
|2 local
|
| 710 |
2 |
|
|a Taylor & Francis.
|
| 710 |
2 |
|
|a Taylor & Francis.
|1 https://id.oclc.org/worldcat/entity/E39QH7JmtfVD3ktKKY4XBf44Fg
|
| 758 |
|
|
|i has work:
|a Using forensic DNA evidence at trial (Text)
|1 https://id.oclc.org/worldcat/entity/E39PCH4kRccbjGRyprvVVFyKMK
|4 https://id.oclc.org/worldcat/ontology/hasWork
|
| 776 |
0 |
8 |
|i Print version:
|z 9781138430075
|
| 856 |
4 |
0 |
|u http://proxy.library.tamu.edu/login?url=https://www.taylorfrancis.com/books/9781315381930
|z Connect to the full text of this electronic book
|t 0
|
| 936 |
|
|
|a BATCHLOAD
|
| 955 |
|
|
|a Taylor and Francis FORENSICnetBASE / LAWENFORCEMENTnetBASE
|
| 994 |
|
|
|a 92
|b TXA
|
| 999 |
f |
f |
|s dccb2ec8-d48c-4302-9ea1-cb2c2b8fff80
|i 27aa53b8-87c6-4363-937f-fe750c7952ba
|t 0
|
| 952 |
f |
f |
|a Texas A&M University
|b College Station
|c Electronic Resources
|d Available Online
|t 0
|e K5485
|h Library of Congress classification
|
| 998 |
f |
f |
|a K5485
|t 0
|l Available Online
|